书目信息 |
| 题名: |
走进埃菲尔铁塔
|
|
| 作者: | 黄国平 编著 | |
| 分册: | ||
| 出版信息: | 北京 中国经济出版社 2001.01 |
|
| 页数: | 143页 | |
| 开本: | 19cm | |
| 丛书名: | 环球行丛书 | |
| 单 册: | ||
| 中图分类: | K956.59 | |
| 科图分类: | ||
| 主题词: | 导游--法国 | |
| 电子资源: | ||
| ISBN: | 7-5017-4870-5 | |
| 000 | 00860nam2 2200253 450 | |
| 001 | 0557038734 | |
| 005 | 20050906165003.41 | |
| 010 | @a7-5017-4870-5@dCNY12.80 | |
| 100 | @a20050126d2001 km y0chiy0120 ea | |
| 101 | 0 | @achi |
| 102 | @aCN@b110000 | |
| 105 | @aa z 000yy | |
| 200 | 1 | @a走进埃菲尔铁塔@Azou jin ai fei er tie ta@e法国@f黄国平编著@Fhuang guo ping bian zhu |
| 210 | @a北京@c中国经济出版社@d2001.01 | |
| 215 | @a143页@c彩照@d19cm | |
| 225 | 2 | @a环球行丛书@h第一批 |
| 330 | @a本书介绍了法国的基本概况,包括地理、气候、经济、历史、文化教育、历史、人口、宗教等,还有法国的旅游城市及景点,以及在法国旅游中的常用知识和行程路线。 | |
| 410 | 0 | @12001 @a环球行丛书 |
| 517 | 1 | @a法国@Afa guo |
| 606 | 0 | @a导游@x法国 |
| 690 | @aK956.59@v4 | |
| 701 | 0 | @a黄国平@Ahuang guo ping@4编著 |
| 801 | 0 | @aCN@bQSSK@c20050906 |
| 905 | @a10447@dK956.59@eH834 | |
| 走进埃菲尔铁塔:法国/黄国平编著.-北京:中国经济出版社,2001.01 |
| 143页:彩照;19cm.-(环球行丛书.第一批) |
| ISBN 7-5017-4870-5:CNY12.80 |
| 本书介绍了法国的基本概况,包括地理、气候、经济、历史、文化教育、历史、人口、宗教等,还有法国的旅游城市及景点,以及在法国旅游中的常用知识和行程路线。 |
| ● |
| 相关链接 |
|
|
|
正题名:走进埃菲尔铁塔
索取号:K956.59/H834
 
预约/预借
| 序号 | 登录号 | 条形码 | 馆藏地/架位号 | 状态 | 备注 |
| 1 | 560375 | 205603756 | 社科库309/309社科库 29排1列2层/ [索取号:K956.59/H834] | 在馆 | |
| 2 | 560376 | 205603765 | 社科库309/309社科库 29排1列2层/ [索取号:K956.59/H834] | 在馆 | |
| 3 | 560377 | 205603774 | 社科库309/309社科库 29排1列2层/ [索取号:K956.59/H834] | 在馆 |